| 000 | 00554nam a2200181Ia 4500 | ||
|---|---|---|---|
| 008 | 090123s9999 xx 000 0 und d | ||
| 082 | _b37828 | ||
| 100 | _aविव्दांस अनंत | ||
| 245 | _aनेत्ररक्षा | ||
| 250 | _a1 | ||
| 260 |
_bमनोरमा प्रकाशन _c2005 |
||
| 300 | _a56 | ||
| 600 | _aविव्दांस अनंत | ||
| 630 | _aनेत्ररक्षा | ||
| 700 | _aविव्दांस अनंत | ||
| 730 | _aनेत्ररक्षा | ||
| 942 | _cBOOK | ||
| 999 |
_c75896 _d75896 |
||